[Event "TUR Cup"]
[Site "Antalya"]
[Date "2019.01.31"]
[Round "8"]
[White "Akbas, Umut Ata"]
[Black "Arslanargun, Zana"]
[Result "1/2-1/2"]
[WhiteElo "1939"]
[BlackElo "1773"]
[PlyCount "106"]
[EventDate "2019.01.27"]
[EventType "swiss"]
[EventRounds "11"]
[EventCountry "TUR"]
[SourceTitle "CBM 188 Extra"]
[Source "ChessBase"]
[SourceDate "2019.02.26"]
[SourceVersion "1"]
[SourceVersionDate "2019.02.26"]
[SourceQuality "1"]

1. e4 c5 2. Nf3 Nc6 3. Bb5 e6 4. 0-0 d5 5. exd5 exd5 6. Re1+ Be7 7. d4 cxd4 8. Nxd4 Bd7 9. Bg5 Kf8 10. Bxe7+ Ngxe7 11. Nc3 h5 12. Qd2 a6 13. Be2 Rh6 14. Rad1 Qc7 15. Nf3 Be6 16. Bf1 Rd8 17. Ne2 Bg4 18. Qc3 Bxf3 19. Qxf3 Qa5 20. Nf4 Kg8 21. a3 d4 22. Bc4 Ne5 23. Qxb7 Nxc4 24. Rxe7 Rf6 25. Nd3 Qf5 26. Qe4 Qxe4 27. Rxe4 Rb6 28. h4 Nxb2 29. Nxb2 Rxb2 30. Rexd4 Rxd4 31. Rxd4 Rxc2 32. Rd6 a5 33. Rd5 Rc4 34. Rxa5 Rxh4 35. a4 g6 36. Ra6 Rf4 37. f3 Kf8 38. Ra7 Ke8 39. Kf2 Kd8 40. Ke3 Rf5 41. Kd4 Kc8 42. Kc4 h4 43. Ra8+ Kb7 44. Rh8 g5 45. Rh6 f6 46. Rh7+ Kb6 47. Rh8 Rf4+ 48. Kb3 Ka5 49. Ra8+ Kb6 50. Rh8 Ka5 51. Rh6 Kb6 52. Kc3 Ka5 53. Kb3 Kb6 1/2-1/2

[Event "TUR Cup										"]
[Site "Antalya"]
[Date "2018.01.30"]
[Round "5"]
[White "Kavalci, Emin"]
[Black "Arslanargun, Zana"]
[Result "1/2-1/2"]
[WhiteElo "1512"]
[BlackElo "1819"]
[PlyCount "76"]
[EventDate "2018.01.27"]
[EventType "swiss"]
[EventRounds "11"]
[EventCountry "TUR"]
[SourceTitle "CBM 182 Extra"]
[Source "ChessBase"]
[SourceDate "2018.02.23"]
[SourceVersion "1"]
[SourceVersionDate "2018.02.23"]
[SourceQuality "1"]

1. d4 c5 2. d5 Nf6 3. c4 e6 4. Nc3 exd5 5. Nxd5 Nxd5 6. Qxd5 d6 7. Nf3 Nc6 8. Bd2 Be6 9. Qe4 d5 10. cxd5 Qxd5 11. Qxd5 Bxd5 12. g3 Nd4 13. Nxd4 cxd4 14. f3 Be7 15. Bh3 0-0 16. b3 f5 17. Rc1 d3 18. Rc7 Rae8 19. Rd7 Bc6 20. Rxd3 Bc5 21. a4 a6 22. Kd1 Rd8 23. Bxf5 Rxd3 24. Bxd3 Rxf3 25. Bc4+ Kf8 26. Ke1 Bf2+ 27. Kd1 Bc5 28. Kc2 Rf2 29. Rd1 Rxh2 30. Bg5 Bb6 31. Rf1+ Rf2 32. Rxf2+ Bxf2 33. Bf4 g5 34. Bxg5 Bxg3 35. Bh6+ Ke7 36. Bd3 b5 37. Bxh7 bxa4 38. bxa4 Bxa4+ 1/2-1/2

[Event "TUR Cup										"]
[Site "Antalya"]
[Date "2018.01.27"]
[Round "1"]
[White "Mentese, Emrah"]
[Black "Arslanargun, Zana"]
[Result "0-1"]
[WhiteElo "1130"]
[BlackElo "1819"]
[PlyCount "112"]
[EventDate "2018.01.27"]
[EventType "swiss"]
[EventRounds "11"]
[EventCountry "TUR"]
[SourceTitle "CBM 182 Extra"]
[Source "ChessBase"]
[SourceDate "2018.02.23"]
[SourceVersion "1"]
[SourceVersionDate "2018.02.23"]
[SourceQuality "1"]

1. e4 c5 2. Nf3 Nc6 3. d4 cxd4 4. Nxd4 Nf6 5. Nc3 e6 6. Bg5 Bb4 7. Nxc6 bxc6 8. Bd3 Qa5 9. Bd2 d5 10. a3 Bxc3 11. Bxc3 Qd8 12. exd5 exd5 13. Qe2+ Be6 14. Bf5 0-0 15. Bxe6 Re8 16. 0-0 Rxe6 17. Qf3 Ne4 18. Rfe1 Qb6 19. Rad1 Rae8 20. Qe3 Qxe3 21. Rxe3 Nxc3 22. Rxe6 fxe6 23. bxc3 Rb8 24. g3 Rb2 25. Rd2 Ra2 26. c4 Rxa3 27. cxd5 cxd5 28. Kg2 a5 29. Rd4 Rc3 30. Ra4 Rc5 31. Ra2 Kf7 32. f4 h5 33. Kf3 Kf6 34. Ke3 Kf5 35. h3 g6 36. Kd4 Rc4+ 37. Kd3 h4 38. g4+ Kxf4 39. Rxa5 Kg3 40. Ra6 Re4 41. c4 Rxc4 42. Rxe6 Kxh3 43. g5 Kg2 44. Rxg6 h3 45. Re6 h2 46. Re2+ Kh3 47. Re3+ Kh4 48. Re1 Kxg5 49. Rh1 Rh4 50. Ke3 Kg4 51. Kf2 Kh3 52. Rd1 Rf4+ 53. Ke3 Rf5 54. Rb1 Kg2 55. Rb2+ Kg1 56. Rb1+ Rf1 0-1

[Event "TUR Cup"]
[Site "Antalya"]
[Date "2017.01.28"]
[Round "1"]
[White "Arslanargun, Zana"]
[Black "Ozenir, Ekin Baris"]
[Result "0-1"]
[WhiteElo "1710"]
[BlackElo "2154"]
[PlyCount "78"]
[EventDate "2017.01.28"]
[EventType "swiss"]
[EventRounds "11"]
[EventCountry "TUR"]
[SourceTitle "CBM 176 Extra"]
[Source "ChessBase"]
[SourceDate "2017.03.02"]
[SourceVersion "1"]
[SourceVersionDate "2017.03.02"]
[SourceQuality "1"]

1. d4 Nf6 2. c4 e6 3. Nf3 b6 4. Nc3 Bb7 5. Bg5 Bb4 6. e3 h6 7. Bxf6 Qxf6 8. Be2 0-0 9. Rc1 d5 10. cxd5 exd5 11. 0-0 Nd7 12. Qa4 Qe7 13. Bb5 Nb8 14. Ne5 Bd6 15. Nf3 a6 16. Be2 Nd7 17. Qb3 Nf6 18. h3 Rad8 19. Rfd1 b5 20. a3 Ne4 21. Nxe4 dxe4 22. Nd2 Bd5 23. Qc2 f5 24. Nf1 Qg5 25. Nd2 Kh8 26. a4 c6 27. axb5 axb5 28. Ra1 Rde8 29. Ra6 f4 30. Rxc6 f3 31. Bf1 Bxc6 32. Qxc6 fxg2 33. Bxg2 Qh5 34. Rf1 Re6 35. Qb7 Rfe8 36. Nxe4 Rxe4 37. Bxe4 Qxh3 38. Rc1 Bh2+ 39. Kh1 Bg3+ 0-1